ბათუმის შოთა რუსთაველის სახელმწიფო უნივერსიტეტის ბიბლიოთეკა

Санкт-Петербург-центр русско-грузинских взаимоотношении(1703-2003гг.) (ბიბ.ჩანაწერი № 35027)

000 -LEADER
fixed length control field 00896nam a2200253Ia 4500
001 - CONTROL NUMBER
control field 866
003 - CONTROL NUMBER IDENTIFIER
control field GE_BSU
008 - FIXED-LENGTH DATA ELEMENTS--GENERAL INFORMATION
fixed length control field 181216s||||||||xx |||||||||||||| ||und||
020 ## - INTERNATIONAL STANDARD BOOK NUMBER
International Standard Book Number 9993013807
040 ## - CATALOGING SOURCE
Transcribing agency GE_BSU
080 ## - UNIVERSAL DECIMAL CLASSIFICATION NUMBER
Universal Decimal Classification number 94(470):94(479.22)
100 ## - MAIN ENTRY--PERSONAL NAME
Personal name Джавахишвили,Н.Г.
245 ## - TITLE STATEMENT
Title Санкт-Петербург-центр русско-грузинских взаимоотношении(1703-2003гг.)
245 ## - TITLE STATEMENT
Remainder of title Посвящается 300-летию со дня основания Санкт-Петербурга
245 ## - TITLE STATEMENT
Statement of responsibility, etc. Ред.Р.В.Метревели
260 ## - PUBLICATION, DISTRIBUTION, ETC.
Place of publication, distribution, etc. Тбилиси
260 ## - PUBLICATION, DISTRIBUTION, ETC.
Name of publisher, distributor, etc. Тбилисский ун-т
260 ## - PUBLICATION, DISTRIBUTION, ETC.
Date of publication, distribution, etc. 2003
300 ## - PHYSICAL DESCRIPTION
Extent 279стр.
653 ## - INDEX TERM--UNCONTROLLED
Uncontrolled term История
653 ## - INDEX TERM--UNCONTROLLED
Uncontrolled term Санкт-Петербург-центр русско-грузинских взаимоотношении
942 ## - ADDED ENTRY ELEMENTS (KOHA)
Koha item type წიგნი
ეგზემპლარები
Withdrawn status Lost status Damaged status Not for loan Date acquired Barcode Date last seen Price effective from Koha item type
        2018-12-17 1291 2018-12-17 2018-12-17 წიგნი